|
|
|
|
| LEADER |
00914nam a2200229 a 4500 |
| 001 |
c000108443 |
| 003 |
CARM |
| 005 |
19851205000000.0 |
| 008 |
851101s1947 enk 000 1 eng d |
| 019 |
1 |
|
|a 3999203
|z 64945126
|5 LACONCORD2021
|
| 035 |
|
|
|a (OCoLC)4770478
|5 LACONCORD2021
|
| 040 |
|
|
|a NNCU:A
|b eng
|c NNCU:A
|d NNCU:A
|
| 082 |
1 |
4 |
|a 823.91
|2 19
|
| 100 |
1 |
|
|a Carter, Winifred.
|
| 245 |
1 |
0 |
|a Tudor triangle /
|c by Winifred Carter.
|
| 260 |
|
|
|a London :
|b Selwyn and Blount,
|c [1947]
|
| 300 |
|
|
|a 333 p. ;
|c 20 cm.
|
| 600 |
0 |
0 |
|a Henry
|b VIII,
|c King of England,
|d 1491-1547
|x Fiction.
|
| 600 |
0 |
0 |
|a Catharine Parr,
|c Queen, consort of Henry VIII, King of England,
|d 1512-1548
|x Fiction.
|
| 852 |
8 |
|
|b CARM
|h A2:AJ02G0
|i A02270
|p 0155289
|f BK
|
| 999 |
f |
f |
|i 09cad5e3-5f6e-5c90-a1f6-5bf4bc4e0e61
|s a2930ab6-354b-5152-8952-5d6a45c8aef9
|
| 952 |
f |
f |
|p Can circulate
|a CAVAL
|b CAVAL
|c CAVAL
|d CARM 1 Store
|e A02270
|f A2:AJ02G0
|h Other scheme
|i book
|m 0155289
|